Understanding business / (Record no. 5041)
[ view plain ]
| 000 -LEADER | |
|---|---|
| fixed length control field | 01315cac a22003615a 4500 |
| 003 - CONTROL NUMBER IDENTIFIER | |
| control field | EG-ScBUE |
| 005 - DATE AND TIME OF LATEST TRANSACTION | |
| control field | 20201128013310.0 |
| 008 - FIXED-LENGTH DATA ELEMENTS--GENERAL INFORMATION | |
| fixed length control field | 090401t2008 nyua f d 001 0 eng d |
| 020 ## - INTERNATIONAL STANDARD BOOK NUMBER | |
| International Standard Book Number | 0071101365 |
| 020 ## - INTERNATIONAL STANDARD BOOK NUMBER | |
| International Standard Book Number | 9780071101363 |
| 040 ## - CATALOGING SOURCE | |
| Original cataloging agency | EG-ScBUE |
| Language of cataloging | eng |
| Description conventions | rda |
| Modifying agency | EG-ScBUE |
| Transcribing agency | EG-ScBUE |
| 082 04 - DEWEY DECIMAL CLASSIFICATION NUMBER | |
| Classification number | 650 |
| Item number | NIC |
| Edition number | 22 |
| 100 1# - MAIN ENTRY--PERSONAL NAME | |
| Personal name | Nickels, William G, |
| Relator term | author. |
| 9 (RLIN) | 3021 |
| 245 10 - TITLE STATEMENT | |
| Title | Understanding business / |
| Statement of responsibility, etc | William G. Nickels University of Maryland, James M. McHugh st. Louis Community College at Forest Park, Susan M. McHugh, applied learning systems. |
| 250 ## - EDITION STATEMENT | |
| Edition statement | Eighth edition. |
| 250 ## - EDITION STATEMENT | |
| Edition statement | McGraw-Hill international edition. |
| 264 #1 - PUBLICATION, DISTRIBUTION, ETC. (IMPRINT) | |
| Place of publication, distribution, etc | New York : |
| Name of publisher, distributor, etc | McGraw-Hill Irwin, |
| Date of publication, distribution, etc | [2008] |
| 264 #4 - PUBLICATION, DISTRIBUTION, ETC. (IMPRINT) | |
| Date of publication, distribution, etc | c 2008 |
| 300 ## - PHYSICAL DESCRIPTION | |
| Extent | 1 volume (various pagings) : |
| Other physical details | illustrations ; |
| Dimensions | 29 cm |
| 336 ## - CONTENT TYPE | |
| Source | rdacontent |
| Content type term | text |
| Content type code | txt |
| 337 ## - MEDIA TYPE | |
| Source | rdamedia |
| Media type term | unmediated |
| Media type code | n |
| 338 ## - CARRIER TYPE | |
| Source | rdacarrier |
| Carrier type term | volume |
| Carrier type code | nc |
| 500 ## - GENERAL NOTE | |
| General note | Includes Glossary. |
| 500 ## - GENERAL NOTE | |
| General note | Includes index. |
| 590 ## - LOCAL NOTE (RLIN) | |
| Local note | doha<br/>Reviewed by: Wessam |
| 650 #7 - SUBJECT ADDED ENTRY--TOPICAL TERM | |
| Topical term or geographic name as entry element | Industrial management |
| Source of heading or term | BUEsh |
| 9 (RLIN) | 1569 |
| 650 #7 - SUBJECT ADDED ENTRY--TOPICAL TERM | |
| 9 (RLIN) | 3024 |
| Topical term or geographic name as entry element | Business |
| General subdivision | Vocational guidance. |
| Source of heading or term | BUEsh |
| 653 ## - INDEX TERM--UNCONTROLLED | |
| Resource For college | BAEPS, Business Administration |
| Arrived date list | December2017 |
| 655 ## - INDEX TERM--GENRE/FORM | |
| Form subdivision | Reading book |
| 9 (RLIN) | 34232 |
| 700 1# - ADDED ENTRY--PERSONAL NAME | |
| Personal name | McHugh, James M, |
| Relator term | author. |
| 9 (RLIN) | 3025 |
| 700 1# - ADDED ENTRY--PERSONAL NAME | |
| Personal name | McHugh, Susan M, |
| Relator term | author. |
| 9 (RLIN) | 3026 |
| 942 ## - ADDED ENTRY ELEMENTS (KOHA) | |
| Koha item type | Book - Borrowing |
| Call number prefix | 650 NIC |
| Source of classification or shelving scheme | Dewey Decimal Classification |
| Withdrawn status | Lost status | Source of classification or shelving scheme | Damaged status | Not for loan | Home library | Current library | Shelving location | Date acquired | Source of acquisition | Total Checkouts | Total Renewals | Full call number | Barcode | Date last seen | Date checked out | Koha item type | Price effective from | Collection code |
|---|---|---|---|---|---|---|---|---|---|---|---|---|---|---|---|---|---|---|
| Dewey Decimal Classification | Central Library | Central Library | First floor | 23/08/2015 | 19 | 30 | 650 NIC | 000006217 | 15/07/2025 | 04/10/2018 | Book - Borrowing | |||||||
| Dewey Decimal Classification | Central Library | Central Library | First floor | 07/10/2010 | Purchase | 12 | 7 | 650 NIC | 000017483 | 15/07/2025 | 03/11/2018 | Book - Borrowing | ||||||
| Dewey Decimal Classification | Central Library | Central Library | First floor | 11/11/2008 | Purchase | 19 | 64 | 650 NIC | 000013679 | 15/07/2025 | 04/12/2016 | Book - Borrowing | 11/11/2008 | |||||
| Dewey Decimal Classification | Central Library | Central Library | First floor | 01/04/2009 | 9 | 48 | 650 NIC | 000015826 | 15/07/2025 | 02/11/2019 | Book - Borrowing | 01/04/2009 | Donation-Gift | |||||
| Dewey Decimal Classification | Central Library | Central Library | First floor | 20/01/2014 | Donation | 8 | 23 | 650 NIC | 000035353 | 15/07/2025 | 26/12/2018 | Book - Borrowing | 20/01/2014 | Donation-Gift | ||||
| Dewey Decimal Classification | Central Library | Central Library | First floor | 27/11/2017 | Donation | 4 | 2 | 650 NIC | 000046932 | 15/07/2025 | 08/10/2019 | Book - Borrowing | ||||||
| Dewey Decimal Classification | Central Library | Central Library | First floor | 03/12/2017 | 2 | 1 | 650 NIC | 000046913 | 15/07/2025 | 01/11/2020 | Book - Borrowing | 03/12/2017 | ||||||
| Dewey Decimal Classification | Central Library | Central Library | First floor | 14/03/2018 | Purchase | 1 | 7 | 650 NIC | 000047399 | 15/07/2025 | 17/12/2018 | Book - Borrowing | 14/03/2018 |